Statistics for Storage Wars Trivia

Click here to take the quiz!

General Stats

  • This quiz has been taken 196 times
  • The average score is 8 of 15

Answer Stats

HintAnswer% Correct
"The Mogul"Dave Hester
96%
"The Gambler"Darrell Sheets
83%
"The Collector"Barry Weiss
82%
"The Young Guns"Jarrod and Brandi
82%
Spinoff: Storage Wars _____(name place)Texas
78%
Dave's catchphraseYuuuup
78%
Main state auctions are held inCalifornia
76%
Main auctioneer (male)Dan Dotson
68%
Darrell's sonBrandon
59%
Original channelA&E
52%
Narration followed by theme song called:Money owns this town
29%
Name of Dan and Laura's auction companyAmerican Auctioneers
18%
Dave's arch nemesis; has a manpurseMark Balelo
17%
Name of Jarrod and Brandi's storeNow and Then Second Hand Store
11%
Name the first line of the opening narrationWhen storage units are abandoned
8%

Score Distribution

Percentile by Number Answered

Percent of People with Each Score

Your Score History

You have not taken this quiz